| 000 | 00385nam a22001697a 4500 | ||
|---|---|---|---|
| 005 | 20160519154810.0 | ||
| 008 | 160519b xxu||||| |||| 00| 0 eng d | ||
| 020 | _a978-1-25900434-6 | ||
| 041 | _aeng | ||
| 082 | _b3318 | ||
| 100 |
_aGhatak Ajoy _9824 |
||
| 245 | _aOptics | ||
| 260 |
_aNew Delhi _bTMH, _c2012 |
||
| 300 | _a33.7 | ||
| 650 |
_aDIPLOMA ENGINEERING _9817 |
||
| 942 | _cBK | ||
| 999 |
_c1132 _d1132 |
||